Controversies in minority voting : the Voting Rights Act in perspective

Saved in:
Bibliographic Details
Other Authors: Grofman, Bernard (Editor), Davidson, Chandler (Editor)
Format: Book
Language:English
Published: Washington, D.C. : The Brookings Institution, 1992
Subjects:
Tags: Add Tag
No Tags, Be the first to tag this record!

MARC

LEADER 00000nam a2200000 i 4500
001 1/72594
008 990316s1992 eng d
020 |a 0-8157-1751-2 
035 |l 10048588 
040 |a GR-MY-UA  |b gre  |e aacr 
041 0 |a eng 
082 0 |a 324.6  
245 1 0 |a Controversies in minority voting :  |b the Voting Rights Act in perspective /  |c Bernard Grofman; Chandler Davidson, editors 
260 |a Washington, D.C. :   |b The Brookings Institution,   |c 1992 
300 |a 376 p. 
504 |a Includes bibliographical references and index 
650 0 0 |a African Americans  |x Suffrage. 
700 1 |a Grofman, Bernard.  |4 edt 
700 1 |a Davidson, Chandler.  |4 edt 
852 |a INST  |b LESVOS  |c BK  |e 19990316  |h 324.6 CON  |p 005100017000  |q 005100017000  |t BK  |y 0 
901 |a BIBL-1999-1 
909 |a Λ  |b 061523 
922 |a 1ΕΛΗ  |b 199811  |c ΚΠΣ/ΤΚ  |d ΠΑΠΑΣΩΤΗΡΙΟΥ 
950 |a  103-1998-07-27